MARC

LEADER 00000nam0a2200000 4500
001 169099
005 20231031163313.0
010 |a 5020142360 
020 |a RU  |b 91-27284 
035 |a (RuTPU)RU\TPU\book\183435 
090 |a 169099 
100 |a 20091106d1991 k a0rusy5003 ca 
101 0 |a rus 
102 |a RU 
105 |a y z 001zy 
200 1 |a Введение в теорию функционально-дифференциальных уравнений  |f Н. В. Азбелев, В. П. Максимов, Л. Ф. Рахматуллина 
210 |a Москва  |c Наука  |d 1991 
215 |a 280 с.  |d 22 см 
320 |a Библиогр.: с. 266-274. (187 назв.) 
320 |a Указ. имен. и предм.: с. 275-277. 
610 1 |a функциональные уравнения 
610 1 |a дифференциальные уравнения 
610 1 |a оператор Грина 
610 1 |a краевые задачи 
610 1 |a линейные уравнения 
610 1 |a нелинейные уравнения 
675 |a 517.9  |z rus 
700 1 |a Азбелев  |b Н. В.  |g Николай Викторович  |4 070 
701 1 |a Максимов  |b В. П.  |g Владимир Петрович 
701 1 |a Рахматуллина  |b Л. Ф.  |g Лина Фазыловна 
801 0 |a RU  |b RuMRKP  |c 19950417  |g psbo 
801 1 |a RU  |b 63413507  |c 20091106 
801 2 |a RU  |b 63413507  |c 20100406  |g RCR 
942 |c BK